00159nam a2200073Ia 4500008004100000041000800041100001700049245001900066250605s9999 xx 000 0 und d aeng aPooja Panwar aPlan My Health